000 00361nam a22001457a 4500
005 20241127135509.0
008 241127b |||||||| |||| 00| 0 eng d
020 _a9780966353334
050 _aPR330,
_b562 DON
100 _aDUNCAN, AL
245 _aTHE MASTER PLAN
260 _aCOLORADO
_bAMBASSADOR HOUSE
_cc1999
300 _a240p
_bill.;
942 _2lcc
_cBK
_n0
999 _c1617
_d1617